000
00298nam a22001337a 4500
020
_q
PB.
040
_c
FIZZA ISHAQ
082
_a
005.1
_b
HUN
100
_a
HUNT,
_9
91705
245
_a
AGILE SOFTWARE /
_c
JOHN HUNT.
260
_a
LONDON ;
_b
SPRINGER,
_c
2006.
300
_a
254 P. ;
942
_2
ddc
_c
BK
999
_c
589862
_d
589862